Paris (Lyrics)- Taylor Swift - Statistics

General Stats
  • This quiz has been taken 15 times
  • The average score is 285 of 310
Answer Stats
Answer % Correct
a
100%
all
100%
an
100%
and
100%
And
100%
be
100%
but
100%
by
100%
Did
100%
didn't
100%
I
100%
if
100%
I'm
100%
in
100%
In
100%
it
100%
it's
100%
just
100%
love
100%
make
100%
me
100%
my
100%
My
100%
No
100%
not
100%
on
100%
Paris
100%
so
100%
taken
100%
that
100%
the
100%
was
100%
we
100%
We
100%
were
100%
where
100%
you
100%
"Your
100%
your
100%
yours
100%
at
92%
bedroom
92%
believe
92%
breathing
92%
'Cause
92%
ceiling
92%
champagne
92%
Drew
92%
drew
92%
else
92%
friend's
92%
guy
92%
he
92%
her
92%
is
92%
keep
92%
Like
92%
map
92%
might
92%
news
92%
out
92%
see
92%
sister
92%
Some
92%
somewhere
92%
stop
92%
terrible
92%
though
92%
To
92%
tree
92%
view
92%
wanna
92%
with
92%
2003
85%
ages
85%
ago
85%
alleyway
85%
Cheap
85%
clever
85%
club
85%
culture's
85%
door
85%
down
85%
ex-
85%
forever
85%
hooked
85%
Into
85%
kissed
85%
loving
85%
made
85%
mean
85%
Met
85%
midnight
85%
oh
85%
only
85%
outfits
85%
photos?"
85%
Privacy
85%
Romance
85%
side
85%
someone
85%
thanks
85%
Turns
85%
unbearable
85%
up
85%
wannabe
85%
whole
85%
wine
85%
world
85%
Z-lister
85%
brainwash
77%
cursive
77%
drinking
77%
has
77%
kind
77%
Let
77%
letters
77%
mind
77%
Sit
77%
tower
77%
transport
77%
alleyways
69%
Confess
69%
dead
69%
grown
69%
messes
69%
page
69%
pretend
69%
Stumbled
69%
that's
69%
truth
69%
flashing
62%
Levitate
62%
thrown
62%
under
62%
above
54%
shade
54%
signs
54%
quiet
46%
swooping
46%
Yes
46%
sloping
31%
No matching quizzes found
Score Distribution
Percent of People with Each Score
Percentile by Number Answered
Your Score History
You have not taken this quiz